000 00888nam a22002417a 4500
001 80741
003 BD-RjUL
005 20230405121126.0
008 221109s2010 bg a|||| m||| 00| 0 eng d
035 _a(BD-RjUL)80741
040 _aBD-RjUL
_beng
_cBD-RjUL
_dBD-RjUL
041 _aeng
082 _223
_a333.72
_bZAV 2010
100 _aZaman, Rashed
_95777
245 1 _aIn Vitro propagation and conservation of Stevia Rebaudiana Bertoni /
_cSubmitted by Rashed Zaman ;
_6Supervisor : Biswanath Sikdar
260 _aRajshahi :
_bInstitute of Biological Sciences, University of Rajshahi,
_c2010
300 _axiii, 146 leaves :
_bill, ;
_c29. cm.
502 _aThesis (M. Phil.) -- Institute of Biological Sciences, University of Rajshahi, 2010
504 _aReferences : Leaves 131 - 148
650 _aConservation
700 _aSikdar, Biswanath, Supervisor
_91732
942 _2ddc
_cTHE
999 _c80741
_d80741